Syndróm vyhorenia u zamestnancov diplomová práca

Gespeichert in:
Bibliographische Detailangaben
1. Verfasser: Blahová, Lucia
Körperschaft: Fakulta podnikového manažmentu EU. Katedra manažmentu
Weitere Verfasser: Gažová Adamková, Hana, 1969-
Format: Buch
Sprache:Slowakisch
Veröffentlicht: Bratislava 2018
Tags: Tag hinzufügen
Keine Tags, Fügen Sie das erste Tag hinzu!

MARC

LEADER 00000nbm a2200000 4500
001 0244885
005 20180920130048.6
041 0 |a slo 
044 |a SK 
245 1 0 |a Syndróm vyhorenia u zamestnancov  |b diplomová práca  |c Lucia Blahová ; školiteľ: Hana Gažová-Adamková 
264 1 |a Bratislava  |c 2018 
300 |a 62 s. 
100 1 |a Blahová, Lucia 
700 1 |a Gažová Adamková, Hana, 1969- 
710 2 |a Fakulta podnikového manažmentu EU. Katedra manažmentu